000 00682 a2200229 4500
001 61107
005 20260407155902.0
008 260407a1991 arg spa d
003 AR-UNSa-BCEJYS
040 _aAR-UNSa-BCEJYS
_bspa
_cAR-UNSa-BCEJYS
080 _a35.077.3
_xProcedimiento administrativo (licitación pública...)
245 1 0 _aProcedimientos administrativos
_pLey 19.549
020 _a978-950-14-0621-4
250 _a13a. ed.
264 1 _aBuenos Aires :
_bEdiciones Depalma
_c1991
300 _a103 p.
_c23 cm.
041 _aspa
942 _cBK
590 _aniveau_biblio:m niveau_hierar:0
100 1 _aArgentina [Leyes, etc.]
700 1 _aHalperin, David A.
999 _c7226
_d7226